Murphy v Brentwood DC (Record no. 24371)

MARC details
000 -LEADER
fixed length control field 01598cab a2200241 4500
001 - CONTROL NUMBER
control field ABS42620
008 - FIXED-LENGTH DATA ELEMENTS--GENERAL INFORMATION
fixed length control field 090401t1990 xxu||||| |||| 00| 0 eng d
035 ## - SYSTEM CONTROL NUMBER
System control number (Sirsi) u37900
041 ## - LANGUAGE CODE
Language code of text/sound track or separate title eng
245 ## - TITLE STATEMENT
Title Murphy v Brentwood DC
260 ## - PUBLICATION, DISTRIBUTION, ETC.
Date of publication, distribution, etc. 1990
350 ## - PRICE (NR) (BK AM CF MU VM SE) [OBSOLETE]
Price 0
490 ## - SERIES STATEMENT
Series statement Construction Industry Law Letter
Volume/sequential designation 1990 CILL 568-571(4)
520 ## - SUMMARY, ETC.
Summary, etc. CA 21 December 1989 Appeal by council (B) from ORC decision that it was liable for negligence by independent consultants (M). The plaintiff`s (MU) house had an inadequately design ed foundation and suffered from differential settlement . The foundation plans and calculations had been submitted by the engineers to B`s building control department and had been approved by them. For some time it had been department practice to refer to outside consultants M, all designs supported by calculations for checking by M. ORC held that M were at fault in approving the faulty calculations and that B was responsible for M`s negligence because under Public Health Act 1936 s64 a local authority has a duty of care to pass or reject the plans and B could not discharge that duty by delegation to M. On appeal by B, CA upheld the ORC decision. It rejected B`s contention that (MU) had not proved that the state of the house was an imminent danger to health and safety and with regard to damages , held that
650 ## - SUBJECT ADDED ENTRY--TOPICAL TERM
Topical term or geographic name entry element CASE LAW
650 ## - SUBJECT ADDED ENTRY--TOPICAL TERM
Topical term or geographic name entry element INDEPENDENT CONTRACTORS
650 ## - SUBJECT ADDED ENTRY--TOPICAL TERM
Topical term or geographic name entry element LIABILITY
650 ## - SUBJECT ADDED ENTRY--TOPICAL TERM
Topical term or geographic name entry element LOCAL AUTHORITIES
650 ## - SUBJECT ADDED ENTRY--TOPICAL TERM
Topical term or geographic name entry element MEASURE OF DAMAGES
690 ## - LOCAL SUBJECT ADDED ENTRY--TOPICAL TERM (OCLC, RLIN)
Topical term or geographic name as entry element BUILDING AND CONSTRUCTION-CASE LAW
942 ## - ADDED ENTRY ELEMENTS (KOHA)
Suppress in OPAC 0
948 ## - LOCAL PROCESSING INFORMATION (OCLC); SERIES PART DESIGNATOR (RLIN)
c (OCLC) 04/03/1997
Holdings
Withdrawn status Lost status Source of classification or shelving scheme Damaged status Not for loan Home library Current library Shelving location Date acquired Total Checkouts Full call number Barcode Date last seen Copy number Price effective from Koha item type
    Dewey Decimal Classification     London London Journal article 14/09/1999   ABS42620 37900-1001 06/08/2019 1 06/08/2019 Law report